Library Banner

Subah honay tak (Urdu) (Record no. 41063)

MARC details
000 -LEADER
fixed length control field 00470nam a2200181Ia 4500
001 - CONTROL NUMBER
control field 43052
008 - FIXED-LENGTH DATA ELEMENTS--GENERAL INFORMATION
fixed length control field 140425s9999 xx 000 0 und d
020 ## - INTERNATIONAL STANDARD BOOK NUMBER
International Standard Book Number NA
040 ## - CATALOGING SOURCE
Transcribing agency PK-LaUMT
082 ## - DEWEY DECIMAL CLASSIFICATION NUMBER
Classification number RHC 891.4393
Item number SAL-S
100 ## - MAIN ENTRY--PERSONAL NAME
Personal name Saleem Agha Qazalbash
245 ## - TITLE STATEMENT
Title Subah honay tak (Urdu)
Statement of responsibility, etc Saleem Agha Qazalbash
260 ## - PUBLICATION, DISTRIBUTION, ETC. (IMPRINT)
Place of publication, distribution, etc Sargodha,Pakistan:
Name of publisher, distributor, etc Maktaba-e-Nirdban,
Date of publication, distribution, etc 1995
300 ## - PHYSICAL DESCRIPTION
Extent 228 p.
546 ## - LANGUAGE NOTE
Language note UR
650 ## - SUBJECT ADDED ENTRY--TOPICAL TERM
Topical term or geographic name as entry element Pakistani literature-Urdu
942 ## - ADDED ENTRY ELEMENTS (KOHA)
Koha item type Books
Holdings
Withdrawn status Lost status Damaged status Not for loan Home library Current library Date acquired Total Checkouts Full call number Barcode Date last seen Price effective from Koha item type
        UMT Main Campus UMT Main Campus 2014-04-25   RHC 891.4393 SAL-S 46689 2014-05-06 2014-05-06 Books